LEADER 01341nam a2200289 u 4500 001 000000078355 003 CaOOAMICUS 005 20070226123424.0 008 040420s1978 it u000 u spa u 035 $a10991142 040 $aPUL(R)$bita 100 1 $aOrge, Manuel.$0(OLS)http://pul/name/52145 245 13$aLa cruz en la carta de San Pablo a los galatas :$bestudio de teología bíblica /$cManuel Orge .. 260 $aRoma :$bPontificia Università Lateranense,$c1978. 300 $a90 p. ;$c25 cm 500 $aIn testa al front.: Pontificia Universitas lateranensis. Tesis de laurea en s. theologia. 500 $aSul front.: Extracto de la tesis. 502 $aDiss. -- Pontificia università Lateranense. 504 $aBibliografia in nota. 630 04$aBiblia.$pN.T.$pAd Galatas.$0(OLS)http://pul/subject/19957 650 4$aCroce.$0(OLS)http://pul/subject/849 850 $aPUL 852 $aPUL$W1$xDP1 Tesi Pon Univ. Lateranense$y41$mTH PUL.THEOL 300$j100504$nBK-PRI$b $qTesi$B100504$CPULBib$Z2$F100504 $HPUL47111 $81 941 1 $a16 960 $aTeologia della croce$9849 996 $6245$aLa cruz en la carta de San Pablo a los galatas :$bestudio de teología bíblica$9(OLS)http://pul/title/102664 996 $6260$aRoma :$bPontificia Università Lateranense$9(OLS)http://pul/publisher/47963 LEADER 01415nam a2200289 a 4500 001 000000165833 003 CaOOAMICUS 005 20180208145501.0 008 180208s1955 xxu 000 u eng r 032 $aLibriCat 040 $aPUL$bita 100 1 $aCampbell, Thomas L.$0(OLS)http://pul/name/106889 245 10$aDionysius the Pseudo-Areopagite : $bthe ecclesiastical hierarchy translated and annotated / $cThomas L. Campbell. 260 $aWashington, D.C. :$bThe Catholic University of America,$c1954. 300 $axxiii, 48 p. ;$c24 cm. 502 $aEstratto da Tesi : The Catholic University of America. Sacred Theology. 1955. 504 $aBibliografia in nota a piè pagina. 600 04$aDionysius Areopagita,$dsec. V-VI.$0(OLS)http://pul/subject/7790 710 2 $aCatholic University of America.$kTesi.$0(OLS)http://pul/name/106692 850 $aPUL 852 $aPUL$W1$xDP1 Tesi Univ. Washington$y50$mTH WAS 92$j190236$qTesi$B193199$CPULBib$Z2$F193199 $H18105 $81 941 1 $a16 960 $aPseudo-Dionysius,$dsec. V-VI? $97790 960 $aDionigi Areopagita, pseudo,$dsec. V-VI$97790 996 $6245$aDionysius the Pseudo-Areopagite : $bthe ecclesiastical hierarchy translated and annotated / $9(OLS)http://pul/title/205525 996 $6260$aWashington, D.C. :$bThe Catholic University of America$9(OLS)http://pul/publisher/62694